Basic ship theory / (Record no. 3328)

000 -LEADER
fixed length control field 03255cam a2200445 a 4500
006 - FIXED-LENGTH DATA ELEMENTS--ADDITIONAL MATERIAL CHARACTERISTICS--GENERAL INFORMATION
fixed length control field m o d
007 - PHYSICAL DESCRIPTION FIXED FIELD--GENERAL INFORMATION
fixed length control field cr cn|||||||||
008 - FIXED-LENGTH DATA ELEMENTS--GENERAL INFORMATION
fixed length control field 070727s2001 maua ob 001 0 eng d
020 ## - INTERNATIONAL STANDARD BOOK NUMBER
International Standard Book Number 9780080523385
Qualifying information (electronic)
020 ## - INTERNATIONAL STANDARD BOOK NUMBER
International Standard Book Number 0080523382
Qualifying information (electronic)
020 ## - INTERNATIONAL STANDARD BOOK NUMBER
International Standard Book Number 9780750653985
020 ## - INTERNATIONAL STANDARD BOOK NUMBER
International Standard Book Number 0750653981
020 ## - INTERNATIONAL STANDARD BOOK NUMBER
Qualifying information (v. 1 ;
-- alk. paper)
020 ## - INTERNATIONAL STANDARD BOOK NUMBER
Qualifying information (v. 2 ;
-- alk. paper)
040 ## - CATALOGING SOURCE
Original cataloging agency IMU Kochi Library
Language of cataloging eng
041 0# - LANGUAGE CODE
Language code of text/sound track or separate title eng
082 04 - DEWEY DECIMAL CLASSIFICATION NUMBER
Classification number 623.81
Edition number 22
100 1# - MAIN ENTRY--PERSONAL NAME
Personal name Rawson, K. J.
245 10 - TITLE STATEMENT
Title Basic ship theory /
250 ## - EDITION STATEMENT
Edition statement 5th ed.
260 ## - PUBLICATION, DISTRIBUTION, ETC. (IMPRINT)
Place of publication, distribution, etc Boston :
Name of publisher, distributor, etc Butterworth-Heinemann,
Date of publication, distribution, etc �2001.
300 ## - PHYSICAL DESCRIPTION
Extent 1 online resource (xxviii, 727 pages) :
Other physical details illustrations : digital, HTML and PDF files
504 ## - BIBLIOGRAPHY, ETC. NOTE
Bibliography, etc Includes bibliographical references (pages 705-708) and index.
505 0# - FORMATTED CONTENTS NOTE
Formatted contents note CONTENTS OF VOLUME 1: Foreword; Acknowledgements; Introduction; Symbols and Nomenclature; Art or Science?; Some tools; Flotation and Trim; Stability; Hazards and Protection; The Ship Girder; Structural Design and Analysis; Launching and Docking; The Ship Environment and Human Factors; Answers to problems; Index. -- CONTENTS OF VOLUME 2: Acknowledgements; Introduction; Symbols and Nomenclature; Powering of Ships: general principles; Powering of Ships: application; Seakeeping; Manoevrability; Major Ship Design Features; Ship Design; Particular Ship Types; Fishing Vehicles; Yachts; Answers to problems; Index.
505 1# - FORMATTED CONTENTS NOTE
Formatted contents note v. 2. Ship dynamics and design.
520 ## - SUMMARY, ETC.
Summary, etc Rawson and Tupper's Basic Ship Theory, first published in 1968, is widely known as the standard introductory text for naval architecture students, as well as being a useful reference for the more experienced designer. The fifth edition continues to provide a balance between theory and practice. Volume 1 discusses ship geometry and measurement in its more basic concepts, also covering safety issues, structural strength, flotation, trim and stability. Volume 2 expands on the material in Volume 1, covering the dynamics behaviour of marine vehicles, hydrodynamics, manoeuvrability and seakeeping. It concludes with some case studies of particular ship types and a discussion of maritime design. Both volumes feature the importance of considering the environment in design. Basic Ship Theory is an essential tool for undergraduates and national vocational students of naval architecture, maritime studies, ocean and offshore engineering, and this combined hardback version will be of great assistance to practising marine engineers and naval architects. Brand new edition of the leading undergraduate textbook in Naval Architecture. Provides a basis for more advanced theory. Over 500 examples, with answers.
650 #0 - SUBJECT ADDED ENTRY--TOPICAL TERM
Topical term or geographic name as entry element Naval architecture.
650 #7 - SUBJECT ADDED ENTRY--TOPICAL TERM
Topical term or geographic name as entry element TRANSPORTATION
General subdivision Ships & Shipbuilding
-- Pictorial.
Source of heading or term bisacsh
650 #7 - SUBJECT ADDED ENTRY--TOPICAL TERM
Topical term or geographic name as entry element TECHNOLOGY & ENGINEERING
General subdivision Marine & Naval.
Source of heading or term bisacsh
650 #7 - SUBJECT ADDED ENTRY--TOPICAL TERM
Topical term or geographic name as entry element Naval architecture.
Source of heading or term fast
700 1# - ADDED ENTRY--PERSONAL NAME
Personal name Tupper, E. C.
852 ## - LOCATION/CALL NUMBER
Location IMU Kochi Library
856 ## - ELECTRONIC LOCATION AND ACCESS
Uniform Resource Identifier <a href="https://www.sciencedirect.com/science/book/9780750653985">https://www.sciencedirect.com/science/book/9780750653985</a>
904 ## - LOCAL DATA ELEMENT D, LDD (RLIN)
CATALOGER Rudra Ranjan
905 ## - LOCAL DATA ELEMENT E, LDE (RLIN)
VERIFIER Rudra Ranjan
942 ## - ADDED ENTRY ELEMENTS (KOHA)
Item type E-Book
338 ## -
-- online resource
650 #7 - SUBJECT ADDED ENTRY--TOPICAL TERM
-- (OCoLC)fst01034917

No items available.



Copyright © All Rights Reserved by Indian Maritime University, Kochi Campus.
For any Suggestions/Query Contact to library or Email: library.kochi@imu.ac.in Ph:(0484)-2989402
(Web OPAC Designed by Rudra Ranjan. Maintained by IMU Kochi Library)

Powered by Koha